[Event "IECC P email"]
[Site "IECC email"]
[Date "2001.05.16"]
[Round "?"]
[White "Bennett, Liam"]
[Black "Peters, Charles William"]
[Result "0-1"]
[WhiteElo "1036"]
[BlackElo "820"]
[PlyCount "54"]
[EventDate "2001.??.??"]
[EventType "tourn (corr)"]
[EventRounds "6"]
[SourceTitle "Corr 2008"]
[Source "ChessBase"]
[SourceDate "2008.06.24"]
[SourceVersion "1"]
[SourceVersionDate "2008.06.24"]
[SourceQuality "1"]

1. e4 e5 2. Nf3 Nc6 3. Bc4 Bc5 4. d3 Nge7 5. 0-0 d6 6. Nc3 h5 7. Bg5 f6 8. Bh4 Ng6 9. Na4 Bg4 10. Bg3 h4 11. Nxc5 dxc5 12. h3 hxg3 13. hxg4 Na5 14. Bb5+ c6 15. fxg3 cxb5 16. g5 fxg5 17. g4 c4 18. b4 Nc6 19. Qc1 cxd3 20. c3 Nf4 21. Rb1 Qd7 22. c4 Qxg4 23. Rf2 Qg3 24. Qc3 Nd4 25. Kf1 Rh1+ 26. Ng1 Nh3 27. Rf3 Qh2 0-1

[Event "IECC Y2KO email"]
[Site "IECC email"]
[Date "2000.10.26"]
[Round "?"]
[White "Karlsson, Peter"]
[Black "Bennett, Liam"]
[Result "1-0"]
[WhiteElo "1867"]
[BlackElo "1036"]
[PlyCount "35"]
[EventDate "2000.??.??"]
[EventType "tourn (corr)"]
[EventRounds "2"]
[SourceTitle "Corr 2008"]
[Source "ChessBase"]
[SourceDate "2008.06.24"]
[SourceVersion "1"]
[SourceVersionDate "2008.06.24"]
[SourceQuality "1"]

1. d4 d5 2. c4 Nf6 3. cxd5 Nxd5 4. e4 Nf6 5. Nc3 Nc6 6. Bb5 Bg4 7. Bxc6+ bxc6 8. Qa4 Qd7 9. f3 Rb8 10. fxg4 Qxg4 11. Qxc6+ Nd7 12. Nf3 Qxg2 13. Rf1 Rb6 14. Qxc7 e5 15. Qc8+ Ke7 16. Nxe5 Rb8 17. Nd5+ Ke6 18. Qxd7# 1-0

[Event "IECC P email"]
[Site "IECC email"]
[Date "1999.08.20"]
[Round "?"]
[White "Baker, David A"]
[Black "Bennett, Liam"]
[Result "1-0"]
[WhiteElo "1046"]
[BlackElo "1000"]
[PlyCount "21"]
[EventDate "1999.??.??"]
[EventType "tourn (corr)"]
[EventRounds "6"]
[SourceTitle "Corr 2008"]
[Source "ChessBase"]
[SourceDate "2008.06.24"]
[SourceVersion "1"]
[SourceVersionDate "2008.06.24"]
[SourceQuality "1"]

1. e4 e5 2. Nf3 Nc6 3. Bc4 Nf6 4. d3 d5 5. exd5 Nxd5 6. Qe2 Bd6 7. Bxd5 Nd4 8. Nxd4 0-0 9. Nf3 Bg4 10. Qe4 Kh8 11. Qxg4 1-0